Online Catalogue and eLibrary

Imagining Women: (Record no. 1633)

MARC details
000 -LEADER
fixed length control field 00645nam a2200229Ia 4500
005 - DATE AND TIME OF LATEST TRANSACTION
control field 20250122020922.0
008 - FIXED-LENGTH DATA ELEMENTS--GENERAL INFORMATION
fixed length control field 240331s9999 xx 000 0 und d
020 ## - INTERNATIONAL STANDARD BOOK NUMBER
ISBN 0745609740
082 ## - DDC Classification
Item Number - Author Mark BON
DDC Edition Number 1099
Class No. 305.4
245 #0 - TITLE STATEMENT
Title Imagining Women:
Remainder of title Cultural Representations and Gender
260 ## - PUBLICATION, DISTRIBUTION, ETC.
Place of publication, distribution, etc. Cambridge
Name of publisher, distributor, etc. Polity Press in Association with Blackwell Publishers and The Open University
Date of publication, distribution, etc. 1992
300 ## - PHYSICAL DESCRIPTION
Extent (e.g. Volumes, Pages etc.) viii, 361 p.,
650 ## - SUBJECT ADDED ENTRY--TOPICAL TERM
Topical term or geographic name entry element Women
650 ## - SUBJECT ADDED ENTRY--TOPICAL TERM
Topical term or geographic name entry element Gender
650 ## - SUBJECT ADDED ENTRY--TOPICAL TERM
Topical term or geographic name entry element Culture
700 ## - ADDED ENTRY--PERSONAL NAME
Personal name Bonner, F
Relator term (Role) Editor
700 ## - ADDED ENTRY--PERSONAL NAME
Personal name Goodman, L
Relator term (Role) Editor
700 ## - ADDED ENTRY--PERSONAL NAME
Personal name Allen, R
Relator term (Role) Editor
700 ## - ADDED ENTRY--PERSONAL NAME
Personal name Janes, L
Relator term (Role) Editor
700 ## - ADDED ENTRY--PERSONAL NAME
Personal name King, C
Relator term (Role) Editor
942 ## - Koha item type (Biblio)
Koha item type Books in Stacks (Lending)
Holdings
Lost status Damaged status Collection code Home library Current library Shelving location Date acquired Full call number Accession Number Item type
    Lending WERC Library WERC Library Social Science Cupboard 03/31/2024 305.4 IMA 1099 Books in Stacks (Lending)

© WERC Library